<?xml version="1.0" encoding="UTF-8"?>
<marc:record xmlns:marc="http://www.loc.gov/MARC21/slim">
   <marc:leader>00000nam a2200000 a 4500</marc:leader>
   <marc:datafield ind1="1" ind2=" " tag="100">
      <marc:subfield code="a">Luchsinger, Katrin</marc:subfield>
      <marc:subfield code="4">edt</marc:subfield>
      <marc:subfield code="e">Bearbeiter/-in</marc:subfield>
   </marc:datafield>
   <marc:datafield ind1="1" ind2=" " tag="100">
      <marc:subfield code="a">Blum, Iris</marc:subfield>
      <marc:subfield code="4">edt</marc:subfield>
      <marc:subfield code="e">Bearbeiter/-in</marc:subfield>
   </marc:datafield>
   <marc:datafield ind1="1" ind2=" " tag="100">
      <marc:subfield code="a">Fahrni, Jacqueline</marc:subfield>
      <marc:subfield code="4">edt</marc:subfield>
      <marc:subfield code="e">Bearbeiter/-in</marc:subfield>
   </marc:datafield>
   <marc:datafield ind1="1" ind2=" " tag="100">
      <marc:subfield code="a">Jagfeld, Monika</marc:subfield>
      <marc:subfield code="4">edt</marc:subfield>
      <marc:subfield code="e">Bearbeiter/-in</marc:subfield>
   </marc:datafield>
   <marc:datafield ind1=" " ind2=" " tag="653">
      <marc:subfield code="a">Geschichte 1867-1930</marc:subfield>
   </marc:datafield>
   <marc:datafield ind1=" " ind2=" " tag="653">
      <marc:subfield code="a">Art brut</marc:subfield>
   </marc:datafield>
   <marc:datafield ind1=" " ind2=" " tag="653">
      <marc:subfield code="a">Ausstellungskatalog</marc:subfield>
   </marc:datafield>
   <marc:datafield ind1=" " ind2=" " tag="653">
      <marc:subfield code="a">Konferenzschrift</marc:subfield>
   </marc:datafield>
   <marc:datafield ind1=" " ind2=" " tag="653">
      <marc:subfield code="a">Ausstellung</marc:subfield>
   </marc:datafield>
   <marc:datafield ind1="0" ind2="0" tag="245">
      <marc:subfield code="a">Rosenstrumpf und Dornencknie</marc:subfield>
   </marc:datafield>
   <marc:datafield ind1="0" ind2="0" tag="245">
      <marc:subfield code="b">Werke aus der Psychiatrischen Pflegeanstalt Rheinau 1867 - 1930 ; [zur Ausstellung "Rosenstrumpf und Dornencknie. Werke aus der Psychiatrischen Pflegeanstalt Rheinau 1867 - 1930" ; Museum im Lagerhaus St. Gallen 1. Dezember 2010 - 13. März 2011 ; Medizinh</marc:subfield>
   </marc:datafield>
   <marc:datafield ind1="0" ind2="0" tag="245">
      <marc:subfield code="c">Veranst.: Baudirektion Kanton Zürich, Immobilienamt in Zusammenarbeit mit den Museen]. Katrin Luchsinger ...</marc:subfield>
   </marc:datafield>
   <marc:datafield ind1=" " ind2="1" tag="264">
      <marc:subfield code="a">Zürich</marc:subfield>
      <marc:subfield code="b">Chronos</marc:subfield>
      <marc:subfield code="c">2010</marc:subfield>
   </marc:datafield>
   <marc:datafield ind1="1" ind2=" " tag="520">
      <marc:subfield code="a">Angaben aus der Verlagsmeldung

Rosenstrumpf und dornencknie : Werke aus der Psychiatrischen Pflegeanstalt Rheinau 1867–1930

Im ehemaligen Kloster Rheinau wurde 1867 die Kantonale Zürcherische Pflegeanstalt Rheinau eröffnet, die mit 1200 Patientinnen und Patienten zur grössten Pflegeanstalt der Schweiz wurde. Eine eigentliche Behandlung gab es hier um 1900 nicht, sondern vor allem einen streng geregelten Arbeitstag, der in der Mithilfe in dem grossen Betrieb, in Haushalt, Garten und in der Landwirtschaft bestand. Viele der Kranken verbrachten hier Jahre, nur wenige wurden entlassen. Es gab Patientinnen und Patienten, die hier ein Lebenswerk schufen: der Dichter und Zeichner Hermann M., der Erfinder Heinrich B., die Strickerin Lisette H., die Stickerin Jeanne Natalie Wintsch oder die Schneiderin Anna Z., die in Rheinau eine packende Lebensbeschreibung verfasste. Es ist eine Sammlung aussergewöhnlicher Werke erhalten geblieben, die kürzlich katalogisiert wurden und nun erstmals der Öffentlichkeit gezeigt werden.
</marc:subfield>
   </marc:datafield>
   <marc:datafield ind1=" " ind2=" " tag="020">
      <marc:subfield code="a">9783034010573</marc:subfield>
      <marc:subfield code="9">9783034010573</marc:subfield>
   </marc:datafield>
   <marc:datafield ind1=" " ind2=" " tag="041">
      <marc:subfield code="a">ger</marc:subfield>
   </marc:datafield>
   <marc:datafield ind1=" " ind2=" " tag="300">
      <marc:subfield code="a">87 S.</marc:subfield>
   </marc:datafield>
</marc:record>
